Film più visto per anno (2000-2025) - Statistics

Statistiche generali
  • Questo quiz è stato fatto 81 volte
  • Il punteggio medio è 14 su 26
Statistiche sulle risposte
Anno Regista Attore Film % Corretto
2023 Christopher Nolan Cillian Murphy Oppenheimer
82%
2021 Denis Villeneueve Timothée Chalamet Dune
80%
2019 Todd Phillips Joaquin Phoenix Joker
80%
2024 Denis Villeneueve Timothée Chalamet Dune - Parte due
78%
2000 Ridley Scott Russell Crowe Il gladiatore
77%
2018 Fratelli Russo Robert Downey Jr. Avengers: Infinity War
71%
2011 David Yates Daniel Radcliffe Harry Potter e i Doni della Morte - Parte 2
69%
2010 Christopher Nolan Leonardo DiCaprio Inception
65%
2001 Peter Jackson Elijah Wood Il Signore degli Anelli - La Compagnia dell'Anello
63%
2002 Peter Jackson Elijah Wood Il Signore degli Anelli - Le due torri
63%
2003 Peter Jackson Elijah Wood Il Signore degli Anelli - Il ritorno del re
62%
2014 Christopher Nolan Matthew Mcconaughey Interstellar
62%
2013 Martin Scorsese Leonardo DiCaprio The Wolf of Wall Street
58%
2008 Christopher Nolan Christian Bale Il cavaliere Oscuro
57%
2012 Christopher Nolan Christian Bale Il cavaliere Oscuro - Il ritorno
54%
2022 Matt Reeves Robert Pattinson The Batman
52%
2005 Christopher Nolan Christian Bale Batman Begins
51%
2016 Tim Miller Ryan Reynolds Deadpool
48%
2020 Christopher Nolan John David Washington Tenet
46%
2009 Quentin Tarantino Brad Pitt Bastardi senza gloria
45%
2017 James Mangold Hugh Jackman Logan - The Wolverine
38%
2025 Marc Webb Rachel Zegler Biancaneve
34%
2006 Christopher Nolan Christian Bale The Prestige
32%
2007 Fratelli Coen Javier Bardem Non è un paese per vecchi
31%
2004 Michel Gondry Jim Carrey Se mi lasci ti cancello
20%
2015 George Miller Tom Hardy Mad Max: Fury Road
15%
Nessun quiz corrispondente trovato
Distribuzione punteggi
Percentuale di utenti per punteggio
Percentile per numero di risposta
I tuoi punteggi nel tempo
Non hai fatto questo quiz